[Event "CAN-ch U10"]
[Site "Richmond Hill"]
[Date "2011.07.07"]
[Round "4"]
[White "Zhan, Andrew"]
[Black "Wang, Yichuan"]
[Result "0-1"]
[WhiteElo "1003"]
[BlackElo "1116"]
[PlyCount "52"]
[EventDate "2011.07.06"]
[EventType "swiss"]
[EventRounds "7"]
[EventCountry "CAN"]
[SourceTitle "EXT 2022"]
[Source "ChessBase"]
[SourceDate "2021.10.06"]
[SourceVersion "1"]
[SourceVersionDate "2021.10.06"]
[SourceQuality "1"]

1. e4 c5 2. Bc4 Nc6 3. Qf3 e6 4. Nh3 Nf6 5. Ng5 h6 6. Nh3 Nd4 7. Qc3 d5 8. exd5 exd5 9. Bb5+ Nxb5 10. Qe3+ Be7 11. Nc3 Nxc3 12. bxc3 Bxh3 13. gxh3 0-0 14. Ba3 Re8 15. 0-0-0 Qa5 16. Bb2 Qxa2 17. Rde1 c4 18. d3 Ne4 19. dxe4 Bg5 20. f4 Rxe4 21. Qd4 Rxd4 22. cxd4 Qxb2+ 23. Kd1 Bxf4 24. Rhf1 Qc1+ 25. Ke2 Qe3+ 26. Kd1 Qd2# 0-1